Análisis económico... /

Guardado en:
Autor Principal: Due, John F.
Formato: Libro
Publicado: Buenos Aires : Eudeba, 1967
Materias:
Etiquetas: Agregar Etiqueta
Sin Etiquetas, Sea el primero en etiquetar este registro!
LEADER 00837nam a22002295a 4500
001 CEM.cems002161
005 20060216000000.0
008 130507s1967##################000#0#####d
003 CEMS
082 0 4 |a 330 
100 1 |a Due, John F. 
245 1 0 |a Análisis económico... / 
260 |a Buenos Aires :  |b Eudeba,  |c 1967 
300 |a 653 p. 
653 |a Economia 
859 |a CEMS  |b BIB. CEMS - 11 de abril  |h 330  |i D868  |p 1892.74  |t Ej.5 
859 |a CEMS  |b BIB. CEMS - 11 de abril  |h 330  |i D868  |p 1893.74  |t Ej.6 
859 |a CEMS  |b BIB. CEMS - 11 de abril  |h 330  |i D868  |p 1894.74  |t Ej.7 
859 |a CEMS  |b BIB. CEMS - 11 de abril  |h 330  |i D868  |p 636.73  |t Ej.3 
859 |a CEMS  |b BIB. CEMS - 11 de abril  |h 330  |i D868  |p 666.73  |t Ej.2 
859 |a CEMS  |b BIB. CEMS - 11 de abril  |h 330  |i D868  |p 673.73  |t Ej.1 
859 |a CEMS  |b BIB. CEMS - 11 de abril  |h 330  |i D868  |p 696.73  |t Ej.4